<?xml version="1.0" encoding="UTF-8"?>
<record
    xmlns:xsi="http://www.w3.org/2001/XMLSchema-instance"
    xsi:schemaLocation="http://www.loc.gov/MARC21/slim http://www.loc.gov/standards/marcxml/schema/MARC21slim.xsd"
    xmlns="http://www.loc.gov/MARC21/slim">

  <leader>01923nam a22002777a 4500</leader>
  <controlfield tag="001">BRCA_9220</controlfield>
  <controlfield tag="003">FranzMayer</controlfield>
  <controlfield tag="005">20220809140156.0</controlfield>
  <controlfield tag="008">220726b        |||||||| |||| 00| 0 eng d</controlfield>
  <datafield tag="020" ind1=" " ind2=" ">
    <subfield code="a">9789585227156</subfield>
  </datafield>
  <datafield tag="040" ind1=" " ind2=" ">
    <subfield code="b">spa</subfield>
    <subfield code="c">MFM</subfield>
  </datafield>
  <datafield tag="041" ind1="0" ind2=" ">
    <subfield code="a">spa</subfield>
  </datafield>
  <datafield tag="050" ind1=" " ind2=" ">
    <subfield code="a">N4395</subfield>
    <subfield code="b">V53 2021</subfield>
  </datafield>
  <datafield tag="245" ind1="0" ind2="0">
    <subfield code="a">Viaje y tornaviaje : </subfield>
    <subfield code="b">Bienes y rutas del Gale&#xF3;n de Manila : Colecci&#xF3;n Museo Franz Mayer</subfield>
  </datafield>
  <datafield tag="260" ind1=" " ind2=" ">
    <subfield code="a">Bogot&#xE1;, Colombia : </subfield>
    <subfield code="b">Ministerio de Cultura, Museo Nacional de Colombia, </subfield>
    <subfield code="c">2021</subfield>
  </datafield>
  <datafield tag="300" ind1=" " ind2=" ">
    <subfield code="a">143 p. : </subfield>
    <subfield code="b">fot., map. col. ; </subfield>
    <subfield code="c">24 x 28 cm. </subfield>
  </datafield>
  <datafield tag="500" ind1=" " ind2=" ">
    <subfield code="a">Ubicaci&#xF3;n: L59-N5</subfield>
  </datafield>
  <datafield tag="500" ind1=" " ind2=" ">
    <subfield code="a">Incluye im&#xE1;genes de la Colecci&#xF3;n Museo Franz Mayer (pp. 54, 58-74, 82-108, 112-113, 115-120, 122-141 )</subfield>
  </datafield>
  <datafield tag="500" ind1=" " ind2=" ">
    <subfield code="a">Cat&#xE1;logo de la exposici&#xF3;n "Viaje y tornaviaje. Bienes y rutas del Gale&#xF3;n de Manila. Colecci&#xF3;n Museo Franz Mayer" realizada en el Museo Nacional de Colombia en Bogot&#xE1;, Colombia (26 de marzo a 27 de mayo de 2021).</subfield>
  </datafield>
  <datafield tag="520" ind1=" " ind2=" ">
    <subfield code="a">Los siete ejes de la exposici&#xF3;n -El viaje intercontinental, Desde Oriente para Occidente, La Compa&#xF1;&#xED;a de Indias Orientales, La loza blanca de Puebla, Hilos, textiles y marfiles, El arte de la laca y La producci&#xF3;n orfebre y la plata de intercambio- presentan los aspectos comerciales y de navegaci&#xF3;n del Gale&#xF3;n de Manila, los materiales y mercanc&#xED;as que se intercambiaban en el marco de esta ruta comercial y, por supuesto, la influencia art&#xED;stica que tuvo esta empresa transpac&#xED;fica en las expresiones est&#xE9;ticas del mundo hispanoamericano y europeo durante m&#xE1;s de dos siglos. - Juliana Restrepo Tirado, Directora del Museo Nacional de Colombia.</subfield>
  </datafield>
  <datafield tag="610" ind1=" " ind2=" ">
    <subfield code="a">Museo Nacional de Colombia</subfield>
    <subfield code="v">Exposiciones</subfield>
    <subfield code="x">Arte</subfield>
    <subfield code="x">Historia</subfield>
    <subfield code="9">28504</subfield>
  </datafield>
  <datafield tag="610" ind1=" " ind2=" ">
    <subfield code="a">Museo Franz Mayer (Mexico City, Mexico)</subfield>
    <subfield code="v">Colecciones</subfield>
    <subfield code="x">Arte</subfield>
    <subfield code="9">28505</subfield>
  </datafield>
  <datafield tag="651" ind1=" " ind2=" ">
    <subfield code="a">Gale&#xF3;n de Manila</subfield>
    <subfield code="v">Exposiciones</subfield>
    <subfield code="x">Arte</subfield>
    <subfield code="x">Historia</subfield>
    <subfield code="9">28506</subfield>
  </datafield>
  <datafield tag="942" ind1=" " ind2=" ">
    <subfield code="2">lcc</subfield>
    <subfield code="c">B</subfield>
  </datafield>
  <datafield tag="999" ind1=" " ind2=" ">
    <subfield code="c">10839</subfield>
    <subfield code="d">10839</subfield>
  </datafield>
  <datafield tag="952" ind1=" " ind2=" ">
    <subfield code="0">0</subfield>
    <subfield code="1">0</subfield>
    <subfield code="2">lcc</subfield>
    <subfield code="4">0</subfield>
    <subfield code="7">0</subfield>
    <subfield code="a">BRCA</subfield>
    <subfield code="b">BRCA</subfield>
    <subfield code="d">2022-07-26</subfield>
    <subfield code="o">N4395 V53 2021</subfield>
    <subfield code="p">CONT10005</subfield>
    <subfield code="r">2022-07-26 00:00:00</subfield>
    <subfield code="w">2022-07-26</subfield>
    <subfield code="y">B</subfield>
  </datafield>
  <datafield tag="952" ind1=" " ind2=" ">
    <subfield code="0">0</subfield>
    <subfield code="1">0</subfield>
    <subfield code="2">lcc</subfield>
    <subfield code="4">0</subfield>
    <subfield code="7">0</subfield>
    <subfield code="a">BRCA</subfield>
    <subfield code="b">BRCA</subfield>
    <subfield code="d">2022-07-26</subfield>
    <subfield code="o">N4395 V53 2021</subfield>
    <subfield code="p">CONT10006</subfield>
    <subfield code="r">2022-07-26 00:00:00</subfield>
    <subfield code="w">2022-07-26</subfield>
    <subfield code="y">B</subfield>
  </datafield>
  <datafield tag="952" ind1=" " ind2=" ">
    <subfield code="0">0</subfield>
    <subfield code="1">0</subfield>
    <subfield code="2">lcc</subfield>
    <subfield code="4">0</subfield>
    <subfield code="7">0</subfield>
    <subfield code="a">BRCA</subfield>
    <subfield code="b">BRCA</subfield>
    <subfield code="d">2022-07-26</subfield>
    <subfield code="o">N4395 V53 2021</subfield>
    <subfield code="p">CONT10007</subfield>
    <subfield code="r">2022-07-26 00:00:00</subfield>
    <subfield code="w">2022-07-26</subfield>
    <subfield code="y">B</subfield>
  </datafield>
</record>
